000 00441ntaaa2200181 4500
003 01
005 20251027202055.0
008 0714s1973 ag 01
040 _aAR-BaBN
_bspa
_cAR-BaBN
_eaacr
_dRIC
082 _a252.0000 H29
100 _aHavner, Vance
245 _aBlood, bread and fire
250 _a1 ed.
260 _aGrand Rapids :
_bZondervan Publishing House,
_cc1949
300 _a119 p
650 _asermones
_9362
942 _cBK
999 _c15557
_d15557